| Tag |
First Indicator |
Second Indicator |
Subfields |
| LEADER |
00000cam a2200000 a 4500 |
| 001 |
in00000032311 |
| 005 |
20151007060454.0 |
| 008 |
870825s1987 wb b 00010 eng |
| 010 |
|
|
|a 87023339
|
| 020 |
|
|
|a 0387182764 (U.S.)
|
| 020 |
|
|
|c DM39.00
|
| 035 |
|
|
|a (OCoLC)16681958
|
| 035 |
|
|
|9 AAC0932AM
|
| 040 |
|
|
|a DLC
|c DLC
|d TXA
|d UtOrBLW
|
| 049 |
|
|
|a TXAM
|c [A11683444]
|
| 050 |
0 |
0 |
|a QC318.I7
|b A45 1987
|
| 082 |
0 |
|
|a 530.1/2
|2 19
|
| 100 |
1 |
|
|a Alicki, R.
|q (Robert),
|d 1951-
|
| 245 |
1 |
0 |
|a Quantum dynamical semigroups and applications /
|c R. Alicki, K. Lendi.
|
| 264 |
|
1 |
|a Berlin ;
|a New York :
|b Springer-Verlag,
|c [1987]
|
| 264 |
|
4 |
|c ©1987
|
| 300 |
|
|
|a viii, 196 pages ;
|c 25 cm.
|
| 336 |
|
|
|a text
|b txt
|2 rdacontent
|
| 337 |
|
|
|a unmediated
|b n
|2 rdamedia
|
| 338 |
|
|
|a volume
|b nc
|2 rdacarrier
|
| 490 |
1 |
|
|a Lecture notes in physics ;
|v 286
|
| 504 |
|
|
|a Bibliography: pages 191-196.
|
| 650 |
|
0 |
|a Irreversible processes.
|
| 650 |
|
0 |
|a Quantum theory.
|
| 700 |
1 |
|
|a Lendi, K.
|q (Karl),
|d 1941-
|
| 830 |
|
0 |
|a Lecture notes in physics ;
|v 286.
|
| 999 |
|
|
|a MARS
|
| 999 |
f |
f |
|s cf6c4249-b774-3f44-b511-f87e6a96f7f8
|i 6458ea0d-4b48-37bb-a888-fb43ec5e7f97
|t 0
|
| 952 |
f |
f |
|p ric
|a Texas A&M University
|b Rellis Campus
|c Joint Library Facility
|s JLF
|d Remote Storage
|t 0
|e QC318.I7 A45 1987
|h Library of Congress classification
|i unmediated -- volume
|m A14811683444
|
| 998 |
f |
f |
|a QC318.I7 A45 1987
|t 0
|l Remote Storage
|